| 000 | 00721cam a22002533a 4500 | ||
|---|---|---|---|
| 001 | 727 | ||
| 003 | PGUSA | ||
| 005 | 20140828082952.0 | ||
| 008 | 961101s1996||||xxu|||||s|||||000 | eng d | ||
| 040 |
_aPGUSA _beng |
||
| 042 | _adc | ||
| 050 | 4 | _aE151 | |
| 100 | 1 | _aCarpenter, John A. | |
| 245 | 1 | 4 |
_aThe Star-Spangled Banner _h[electronic resource] / _cJohn A. Carpenter |
| 260 |
_bProject Gutenberg, _c1996 |
||
| 500 | _aFrom The Century, July 1894 | ||
| 506 | _aPublic domain in the USA. | ||
| 516 | _aElectronic text | ||
| 653 | _aStar-spangled banner (Song) | ||
| 653 | _aNational songs -- United States | ||
| 830 | 0 |
_aProject Gutenberg _v727 |
|
| 856 | 4 | 0 | _uhttp://www.gutenberg.org/ebooks/727 |
| 942 | _cEB | ||
| 999 |
_c230078 _d230078 |
||